000
00248 a2200097 4500
001
1957
100
_a
Morri
245
_a
Engineering Economy; the analysis of management decisions
260
_a
Illinois
_b
Robert Hale Ltd
_c
1960
090
_c
1455
_d
1455
942
_a
NUST-CAE
_c
M
_c
5058
999
_c
237030
_d
237030